Bayer 04 Leverkusen Meister Quiz #8 - Statistiken

Allgemein
  • Dieses Quiz wurde 42 mal gespielt
    24 seit der letzten Aktualisierung
  • Das Durchschnittsergebnis liegt bei 3 aus 6
Antwortstatistiken
GT Fußball-Club % Korrekt
5 SV Werder Bremen
76%
4 1. FC Heidenheim
59%
5 VfL Bochum
59%
4 1. FC Union Berlin
53%
5 Eintracht Frankfurt
53%
5 SV Darmstadt 1898
41%
Keine übereinstimmenden Quizze gefunden
Verteilung der Resultate
Anzahl Personen mit jedem Resultat
Perzentil nach korrekt beantworteten Fragen
Ihre Resultats-Entwicklung
Sie haben dieses Quiz seit der letzten Aktualisierung nicht gespielt